<?xml version="1.0" encoding="UTF-8"?>
<record
    xmlns:xsi="http://www.w3.org/2001/XMLSchema-instance"
    xsi:schemaLocation="http://www.loc.gov/MARC21/slim http://www.loc.gov/standards/marcxml/schema/MARC21slim.xsd"
    xmlns="http://www.loc.gov/MARC21/slim">

  <leader>03922nam a2200289 i 4500</leader>
  <controlfield tag="001">Rebiun36141774</controlfield>
  <controlfield tag="007">ta</controlfield>
  <controlfield tag="008">241015s2024    sp a    r     001 0 spa d</controlfield>
  <datafield tag="017" ind1=" " ind2=" ">
    <subfield code="a">M 18623 -2024, </subfield>
    <subfield code="b">Oficina Dep&#xF3;sito Legal Madrid</subfield>
  </datafield>
  <datafield tag="020" ind1=" " ind2=" ">
    <subfield code="a">9788419878786</subfield>
  </datafield>
  <datafield tag="040" ind1=" " ind2=" ">
    <subfield code="a">UGR </subfield>
    <subfield code="e">rda</subfield>
    <subfield code="c">tbs</subfield>
  </datafield>
  <datafield tag="041" ind1="1" ind2=" ">
    <subfield code="a">Spanish</subfield>
    <subfield code="h">eng</subfield>
  </datafield>
  <datafield tag="100" ind1=" " ind2=" ">
    <subfield code="a">Lightman, Alan</subfield>
    <subfield code="d">1948-</subfield>
    <subfield code="e">author. </subfield>
  </datafield>
  <datafield tag="240" ind1="1" ind2="4">
    <subfield code="a">The transcendent brain: spirituality in the age of science. </subfield>
    <subfield code="l">Spanish</subfield>
  </datafield>
  <datafield tag="245" ind1="1" ind2="3">
    <subfield code="a">El cerebro trascendente </subfield>
    <subfield code="b">: espiritualidad en la era de la ciencia </subfield>
    <subfield code="c">/ Alan Lightman ; traducci&#xF3;n Equipo Pinolia</subfield>
  </datafield>
  <datafield tag="250" ind1=" " ind2=" ">
    <subfield code="a">First edtion</subfield>
  </datafield>
  <datafield tag="264" ind1=" " ind2="1">
    <subfield code="a">Madrid : </subfield>
    <subfield code="b">Pinolia, </subfield>
    <subfield code="c">2024</subfield>
  </datafield>
  <datafield tag="264" ind1=" " ind2="4">
    <subfield code="c">2024</subfield>
  </datafield>
  <datafield tag="300" ind1=" " ind2=" ">
    <subfield code="a">205 pages: </subfield>
    <subfield code="b">ilustrations</subfield>
    <subfield code="c">23 cm</subfield>
  </datafield>
  <datafield tag="490" ind1=" " ind2=" ">
    <subfield code="a">Divulgaci&#xF3;n cient&#xED;fica</subfield>
  </datafield>
  <datafield tag="520" ind1="3" ind2=" ">
    <subfield code="a">Contemplar las estrellas, enamorarse o escuchar m&#xFA;sica nos hace sentir una conexi&#xF3;n trascendente con algo m&#xE1;s grande que nosotros mismos. Sin embargo, estas experiencias no son f&#xE1;cilmente comprendidas por la ciencia, que sostiene que todo puede explicarse en t&#xE9;rminos de &#xE1;tomos y mol&#xE9;culas. &#xBF;Hay espacio en nuestra visi&#xF3;n cient&#xED;fica del mundo para estas experiencias espirituales? El reconocido f&#xED;sico y novelista Alan Lightman cree que s&#xED;. Bas&#xE1;ndose en la historia intelectual y en conversaciones con cient&#xED;ficos, fil&#xF3;sofos y psic&#xF3;logos contempor&#xE1;neos, Lightman plantea preguntas provocadoras que iluminan nuestra extra&#xF1;a posici&#xF3;n entre el mundo de las part&#xED;culas y fuerzas y el mundo de la experiencia humana. &#xBF;Puede el materialismo estricto explicar nuestra apreciaci&#xF3;n de la belleza? &#xBF;O nuestros sentimientos de conexi&#xF3;n con la naturaleza y otras personas? &#xBF;Existe una base f&#xED;sica para la conciencia, el m&#xE1;s escurridizo de todos los problemas cient&#xED;ficos? Lightman entrelaza estas investigaciones para proponer lo que denomina &#xAB;materialismo espiritual&#xBB;: la creencia de que podemos abrazar las experiencias espirituales sin abandonar nuestra visi&#xF3;n cient&#xED;fica del mundo. Seg&#xFA;n &#xE9;l, la amplitud de la condici&#xF3;n humana no solo est&#xE1; arraigada en &#xE1;tomos y mol&#xE9;culas materiales, sino que tambi&#xE9;n puede explicarse en t&#xE9;rminos de evoluci&#xF3;n darwiniana. Este libro l&#xED;rico e iluminador revela que la espiritualidad no solo puede ser compatible con la ciencia, sino que tambi&#xE9;n deber&#xED;a permanecer en el n&#xFA;cleo de lo que significa ser humanos.</subfield>
  </datafield>
  <datafield tag="520" ind1="3" ind2=" ">
    <subfield code="a">Stargazing, falling in love, or listening to music can make us feel a transcendent connection to something greater than ourselves. Yet these experiences are not easily grasped by science, which maintains that everything can be explained in terms of atoms and molecules. Is there room in our scientific worldview for such spiritual experiences? Renowned physicist and novelist Alan Lightman believes there is. Drawing on intellectual history and conversations with contemporary scientists, philosophers, and psychologists, Lightman poses provocative questions that illuminate our curious position between the world of particles and forces and the world of human experience.

Can strict materialism account for our appreciation of beauty? Or for our feelings of connection with nature and with other people? Is there a physical basis for consciousness&#x2014;the most elusive of all scientific problems? Lightman weaves together these explorations to propose what he calls &#x201C;spiritual materialism&#x201D;: the belief that we can embrace spiritual experiences without abandoning our scientific understanding of the world. According to him, the full scope of the human condition is not only rooted in atoms and molecules but can also be explained through Darwinian evolution. This lyrical and enlightening book reveals that spirituality is not only compatible with science&#x2014;it ought to remain at the heart of what it means to be human.</subfield>
  </datafield>
  <datafield tag="650" ind1=" " ind2="0">
    <subfield code="a">Brain</subfield>
    <subfield code="9">9635</subfield>
  </datafield>
  <datafield tag="650" ind1=" " ind2="0">
    <subfield code="a">Spirituality</subfield>
    <subfield code="9">12525</subfield>
  </datafield>
  <datafield tag="700" ind1=" " ind2=" ">
    <subfield code="a">Equipo Pinolia, </subfield>
    <subfield code="e">translator</subfield>
    <subfield code="9">25530</subfield>
  </datafield>
  <datafield tag="942" ind1=" " ind2=" ">
    <subfield code="2">lcc</subfield>
  </datafield>
  <datafield tag="952" ind1=" " ind2=" ">
    <subfield code="0">0</subfield>
    <subfield code="1">0</subfield>
    <subfield code="2">lcc</subfield>
    <subfield code="4">0</subfield>
    <subfield code="7">0</subfield>
    <subfield code="a">TBS</subfield>
    <subfield code="b">TBS</subfield>
    <subfield code="d">2025-06-19</subfield>
    <subfield code="l">0</subfield>
    <subfield code="o">BF161 LIG</subfield>
    <subfield code="p">B05824</subfield>
    <subfield code="r">2025-06-19</subfield>
    <subfield code="t">1</subfield>
    <subfield code="w">2025-06-19</subfield>
    <subfield code="y">1</subfield>
  </datafield>
  <datafield tag="999" ind1=" " ind2=" ">
    <subfield code="c">4775</subfield>
    <subfield code="d">4775</subfield>
  </datafield>
</record>
